000
00340 a2200157 4500
001
56491
020
_a
9788508106653
040
_c
Anchieta - Pituba
100
_a
Gomes, Álvaro Cardoso
240
1
0
_a
De mãos atadas
_l
por
245
1
0
_a
De mãos atadas
300
_a
182
362
0
_a
2007
650
4
_a
Literatura juvenil
942
_c
BK
999
_c
56491
_d
56491